| 000 | 01034caa a22002893u 4500 | ||
|---|---|---|---|
| 001 | 006548057 | ||
| 005 | 20140324131039.0 | ||
| 008 | 010425t2001 xxua frb 001 0 eng d | ||
| 020 | _a0824788893 | ||
| 020 | _a9780824788896 | ||
| 040 |
_aUk _cUk |
||
| 082 | 0 | 4 |
_222 _a621.38224 _bWES |
| 100 | 1 |
_aWeston, David A., _d1942- _935773 |
|
| 245 | 1 | 0 |
_aElectromagnetic compatibility : _bprinciples and applications / _cDavid A. Weston. |
| 250 |
_a2nd ed., _brevised and expanded. |
||
| 260 |
_aNew York, United States ; _aBasel, Switzerland : _bMarcel Dekker, Inc., _cc.2001. |
||
| 300 |
_aviii, 840 p. : _bill. ; _c26 cm. |
||
| 490 | 0 |
_aElectrical and computer engineering ; _v112 |
|
| 500 | _aIncludes appendix. | ||
| 500 | _aIndex : p. 827-840. | ||
| 504 | _aIncludes bibliographical references | ||
| 650 | 0 |
_aElectromagnetic compatibility _911977 |
|
| 650 | 0 |
_aElectronic apparatus and appliances _xDesign and construction _935774 |
|
| 653 |
_bENGELC _cMarch2014 |
||
| 655 |
_vreading book _934232 |
||
| 942 |
_2ddc _k621.38224 WES |
||
| 999 |
_c18166 _d18138 |
||